Logo BPK

Biblioteka

Politechniki Koszalińskiej

Temperaturnyje zavisimosti teplofiziceskich svojstv nekotorych metallov / (Rekord nr 26776)

Szczegóły MARC
000 -ETYKIETA REKORDU
podpole kontrolne o stałej długości 00399nam a2200145 i 4500
001 - NUMER KONTROLNY REKORDU
pole kontrolne bg
040 ## - ŹRÓDŁO KATALOGOWANIA
Instytucja, która utworzyła rekord BPK
041 ## - KOD JĘZYKA
Kod języka tekstu pol
008 - POLE O STAŁEJ DŁUGOŚCI - DANE KONTROLNE
podpole kontrolne o stałej długości s pl f |000 0 pol
100 1# - NAZWA OSOBOWA
Nazwa osobowa STOLOVIC, N. N.
245 #0 - TYTUŁ/ODPOWIEDZIALNOŚĆ
Tytuł Temperaturnyje zavisimosti teplofiziceskich svojstv nekotorych metallov /
Pozostałe elementy strefy tytułu i oznaczenia odpowiedzialności N.N. Stolovic, N.S. Minickaja.
260 ## - STREFA ADRESU WYDAWNICZEGO
Miejsce wydania Minsk,
Data publikacji, dystrybucji/powstania dokumentu 1975.
700 1# - HASŁO DODATKOWE - NAZWA OSOBOWA
Nazwa osobowa MINICKAJA, N. S.
856 ## - LOKALIZACJA I DOSTĘP DO ELEKTRONICZNYCH DOKUMENTÓW ZDALNYCH
Link (URL) http://koha.tu.koszalin.pl/cgi-bin/koha/opac-detail.pl?biblionumber=26776
Tekst linku Katalog online BPK
942 ## - DODATKOWE ELEMENTY (KOHA)
Typ dokumentu Książka
Egzemplarze
Wycofany Status egzemplarza Uszkodzony Dostępność Lokalizacja stała Lokalizacja bieżąca Miejsce przechowywania Sygnatura Kod kreskowy Typ dokumentu Numer ubytku
      Dostępny Biblioteka Politechniki Koszalińskiej Biblioteka Politechniki Koszalińskiej Wypożyczalnia BG 18385 01718331 Książka  
  Egz. niedostępny   Niedostępny Biblioteka Politechniki Koszalińskiej Biblioteka Politechniki Koszalińskiej   18386 02067087 Książka 11821
© 2023 Biblioteka Politechniki Koszalińskiej :: KOHA